[Event "HZ Chess Toernament 2013"]
[Site "?"]
[Date "2013.08.03"]
[Round "1"]
[White "Hogerhorst, Tony"]
[Black "Harikrishna, P."]
[Result "0-1"]
[WhiteElo "1921"]
[BlackElo "2696"]
[PlyCount "70"]
[EventDate "2013.??.??"]

1. e4 c5 2. Nf3 Nc6 3. d4 cxd4 4. Nxd4 e5 5. Nb5 d6 6. N1c3 a6 7. Na3 Be6 8.
Be3 Nf6 9. Be2 Rc8 10. Bf3 Nb8 11. Nd5 Nxd5 12. exd5 Bd7 13. Qd2 Be7 14. Qb4 b5
15. Bd2 O-O 16. O-O Bf5 17. Rac1 Nd7 18. Be3 Nc5 19. Rfd1 Bg5 20. Qd2 Bxe3 21.
fxe3 Qg5 22. b4 Be4 23. Kf2 Na4 24. c4 Bxf3 25. gxf3 bxc4 26. Rg1 Qh4+ 27. Kf1
c3 28. Qg2 g6 29. e4 f5 30. Ke2 fxe4 31. fxe4 Rf4 32. Ke3 Nb2 33. Rcf1 Rcf8 34.
Nb1 c2 35. Nd2 Rxf1 0-1

[Event "HZ Chess Toernament 2013"]
[Site "?"]
[Date "2013.08.03"]
[Round "1"]
[White "Krasenkow, Michal"]
[Black "Albrecht, Alex"]
[Result "1-0"]
[WhiteElo "2635"]
[BlackElo "1918"]
[PlyCount "59"]
[EventDate "2013.??.??"]

1. d4 e6 2. c4 d5 3. Nc3 c6 4. e3 f5 5. g4 Nf6 6. gxf5 exf5 7. Qb3 a5 8. Bd2 a4
9. Nxa4 dxc4 10. Bxc4 Rxa4 11. Qxa4 b5 12. Qb3 bxc4 13. Qxb8 Bd6 14. Qa7 O-O
15. Nf3 Re8 16. Ba5 Qe7 17. Qxe7 Rxe7 18. Ne5 Bxe5 19. dxe5 Rxe5 20. Bc3 Re6
21. Rg1 g6 22. Bxf6 Rxf6 23. O-O-O Kf7 24. Rd8 Be6 25. Rd6 Bd5 26. Rxf6+ Kxf6
27. a4 c5 28. Rd1 Ke5 29. a5 Bb7 30. Rd7 1-0

[Event "HZ Chess Toernament 2013"]
[Site "?"]
[Date "2013.08.03"]
[Round "1"]
[White "Verbruggen, Samuel"]
[Black "Landa, Konstantin"]
[Result "0-1"]
[WhiteElo "1918"]
[BlackElo "2632"]
[PlyCount "68"]
[EventDate "2013.??.??"]

1. e4 c5 2. Nf3 e6 3. d4 cxd4 4. Nxd4 a6 5. Nc3 b5 6. a3 Bb7 7. Bd3 Qb6 8. Nb3
Qc7 9. O-O Nf6 10. Qe2 Be7 11. Kh1 d6 12. Bd2 Nbd7 13. f4 O-O 14. Rae1 e5 15.
fxe5 dxe5 16. Bg5 Rfe8 17. Nd2 Rad8 18. Nf3 Nh5 19. Bxe7 Rxe7 20. Nh4 Nf4 21.
Qg4 Nf6 22. Qg3 N6h5 23. Qg4 Nf6 24. Qg3 Re6 25. Nf5 N6h5 26. Qh4 Nxd3 27. cxd3
Nf4 28. d4 exd4 29. Rxf4 dxc3 30. bxc3 Rde8 31. Qg4 Qxc3 32. Qg3 Qxg3 33. Nxg3
g6 34. Ref1 R8e7 0-1

[Event "HZ Chess Toernament 2013"]
[Site "?"]
[Date "2013.08.03"]
[Round "1"]
[White "L'Ami, Erwin"]
[Black "Van Gemert, Rogier"]
[Result "1-0"]
[WhiteElo "2626"]
[BlackElo "1902"]
[PlyCount "91"]
[EventDate "2013.??.??"]

1. d4 Nf6 2. c4 c5 3. d5 b5 4. cxb5 a6 5. f3 d6 6. e4 Nbd7 7. a4 g6 8. Ra3 Bg7
9. Ne2 O-O 10. Nec3 Qc7 11. Be2 Bb7 12. O-O Rfb8 13. Be3 Ne8 14. Qc2 Qa5 15.
Nd2 axb5 16. axb5 Qd8 17. Rfa1 Nb6 18. Nc4 Nxc4 19. Bxc4 Rc8 20. Qb3 Nf6 21.
Rxa8 Rxa8 22. Rxa8 Qxa8 23. Qa4 Nd7 24. Qxa8+ Bxa8 25. Na4 Kf8 26. b6 Bb7 27.
Kf1 Nb8 28. Ke2 Ke8 29. Bd2 Kd7 30. Bc3 Bh6 31. b4 cxb4 32. Bxb4 Na6 33. Bd2
Bg7 34. Kd3 Nb8 35. Bc3 f6 36. Bd4 Bh6 37. Bb5+ Kc8 38. Nb2 Ba6 39. Bxa6+ Nxa6
40. Nc4 Nb4+ 41. Kc3 Na2+ 42. Kb3 Nc1+ 43. Ka4 Nd3 44. Kb5 Ne5 45. Bxe5 fxe5
46. Ka6 1-0

[Event "HZ Chess Toernament 2013"]
[Site "?"]
[Date "2013.08.03"]
[Round "1"]
[White "Roskam, Mathieu"]
[Black "Reinderman, Dimitri"]
[Result "0-1"]
[WhiteElo "1901"]
[BlackElo "2598"]
[PlyCount "56"]
[EventDate "2013.??.??"]

1. e4 c5 2. c3 Nf6 3. e5 Nd5 4. d4 cxd4 5. cxd4 d6 6. Nf3 Nc6 7. Bc4 e6 8. O-O
Be7 9. Re1 O-O 10. Nc3 Nxc3 11. bxc3 dxe5 12. dxe5 Qa5 13. Qb3 Rd8 14. Bb2 Qc7
15. Qc2 b6 16. Bd3 g6 17. h4 Bf8 18. Be4 Bb7 19. Rad1 Bg7 20. Qe2 Rac8 21. Bc1
Ne7 22. Bg5 Rxd1 23. Rxd1 Bxe4 24. Qxe4 Nd5 25. Rc1 Qc4 26. Qd4 Bf8 27. Bd2 Ba3
28. Rb1 Qxa2 0-1

[Event "HZ Chess Toernament 2013"]
[Site "?"]
[Date "2013.08.03"]
[Round "1"]
[White "Lalith, Babu M.R"]
[Black "Hummel, Dick"]
[Result "1-0"]
[WhiteElo "2576"]
[BlackElo "1898"]
[PlyCount "61"]
[EventDate "2013.??.??"]

1. d4 Nf6 2. c4 g6 3. Nc3 d5 4. Nf3 Bg7 5. Qb3 c6 6. Bg5 dxc4 7. Qxc4 O-O 8. e4
Nbd7 9. Be2 Qa5 10. b4 Qd8 11. O-O Nb6 12. Qb3 Be6 13. Qc2 Ne8 14. a4 f6 15.
Bf4 Nd6 16. Rfd1 Rc8 17. a5 Nd7 18. Na4 Qe8 19. Nc5 Nxc5 20. bxc5 Nb5 21. Bxb5
cxb5 22. d5 Bg4 23. a6 Qd7 24. axb7 Qxb7 25. c6 Qa8 26. Qb3 Kh8 27. Qxb5 e5 28.
Be3 Rf7 29. Ra6 f5 30. d6 fxe4 31. Ng5 1-0

[Event "HZ Chess Toernament 2013"]
[Site "?"]
[Date "2013.08.03"]
[Round "1"]
[White "Verhoef, Harry"]
[Black "Zhao, Xue"]
[Result "0-1"]
[WhiteElo "1892"]
[BlackElo "2562"]
[PlyCount "52"]
[EventDate "2013.??.??"]

1. e4 c6 2. d4 d5 3. exd5 cxd5 4. Bd3 Nc6 5. c3 Nf6 6. Bf4 Bg4 7. Qb3 Qd7 8.
Nd2 Nh5 9. Bg3 g6 10. Ngf3 Bg7 11. O-O O-O 12. Rfe1 Bh6 13. Bh4 f6 14. Qc2 Nf4
15. Bf1 Rae8 16. Bg3 e5 17. Bxf4 Bxf4 18. h3 Bf5 19. Qd1 e4 20. Nh2 h5 21. Be2
Bxh3 22. gxh3 Qxh3 23. Ndf1 Ne7 24. Qb3 Nf5 25. Bb5 Nh4 26. Ne3 Bxh2+ 0-1

[Event "HZ Chess Toernament 2013"]
[Site "?"]
[Date "2013.08.03"]
[Round "1"]
[White "Ernst, Sipke"]
[Black "Maas, Joop"]
[Result "1-0"]
[WhiteElo "2560"]
[BlackElo "1891"]
[PlyCount "87"]
[EventDate "2013.??.??"]

1. d4 d5 2. c4 e6 3. Nf3 Nf6 4. g3 Be7 5. Bg2 O-O 6. O-O dxc4 7. Qc2 a6 8. Qxc4
b5 9. Qc2 Bb7 10. Bd2 Be4 11. Qc1 Nbd7 12. Ba5 Ra7 13. Nbd2 Ba8 14. b4 Qb8 15.
Nb3 Nd5 16. a3 N5b6 17. Qc2 Nc4 18. Rfc1 Rc8 19. e4 Nf6 20. Nfd2 Nxd2 21. Nxd2
Nd7 22. Ra2 Nb6 23. Bxb6 Qxb6 24. Nb3 Bf6 25. e5 Be7 26. Bxa8 Raxa8 27. Qe4 Ra7
28. Na5 Bf8 29. Rac2 h6 30. Kg2 Raa8 31. h4 Rd8 32. Nb3 Rac8 33. f4 g6 34. Qc6
Qa7 35. Qf3 Be7 36. Na5 Rd7 37. Nc6 Qb6 38. d5 exd5 39. Qg4 Rcd8 40. e6 h5 41.
Qe2 fxe6 42. Qxe6+ Kf8 43. f5 Re8 44. Qxd7 1-0

[Event "HZ Chess Toernament 2013"]
[Site "?"]
[Date "2013.08.03"]
[Round "1"]
[White "Rogmans, Jelle"]
[Black "Ikonnikov, Vyacheslav"]
[Result "0-1"]
[WhiteElo "1888"]
[BlackElo "2555"]
[PlyCount "66"]
[EventDate "2013.??.??"]

1. Nc3 c5 2. Ne4 e6 3. f4 d5 4. Nf2 Nf6 5. Nf3 Nc6 6. e3 a6 7. g3 Bd6 8. Bg2
O-O 9. O-O b5 10. b3 Bb7 11. Bb2 Rc8 12. Nd3 Nd7 13. Qe2 Qe7 14. Nde5 f6 15.
Nxd7 Qxd7 16. d3 Bb8 17. Nd2 Rfe8 18. e4 Nd4 19. Qd1 dxe4 20. Nxe4 f5 21. Nd2
Bxg2 22. Kxg2 e5 23. fxe5 Bxe5 24. c3 Nc6 25. Nf3 Rcd8 26. Nxe5 Nxe5 27. d4
cxd4 28. cxd4 Ng4 29. Bc1 Qd5+ 30. Kg1 Re4 31. Bf4 Rde8 32. Qf3 Qxd4+ 33. Kh1
Re2 0-1

[Event "HZ Chess Toernament 2013"]
[Site "?"]
[Date "2013.08.03"]
[Round "1"]
[White "Huschenbeth, Niclas"]
[Black "Schouten, Jordy"]
[Result "1-0"]
[WhiteElo "2542"]
[BlackElo "1887"]
[PlyCount "59"]
[EventDate "2013.??.??"]

1. e4 c5 2. Nf3 Nc6 3. d4 cxd4 4. Nxd4 e5 5. Nb5 a6 6. Nd6+ Bxd6 7. Qxd6 Qe7 8.
Qxe7+ Ngxe7 9. Nc3 O-O 10. Be3 b5 11. a4 Bb7 12. O-O-O b4 13. Nd5 Nxd5 14. Rxd5
Rfc8 15. Rxd7 Rab8 16. Rxb7 Rxb7 17. Bxa6 Rbc7 18. Bxc8 Rxc8 19. Rd1 b3 20.
cxb3 Nd4+ 21. Kb1 Nxb3 22. Bb6 f6 23. Rd8+ Rxd8 24. Bxd8 Nd2+ 25. Kc2 Nxe4 26.
a5 Nd6 27. a6 Nc8 28. Be7 Nb6 29. Bc5 Na8 30. b4 1-0

[Event "HZ Chess Toernament 2013"]
[Site "?"]
[Date "2013.08.03"]
[Round "1"]
[White "Burg, Henk"]
[Black "Zaragatski, Ilja"]
[Result "0-1"]
[WhiteElo "1883"]
[BlackElo "2505"]
[PlyCount "48"]
[EventDate "2013.??.??"]

1. e4 c5 2. Nf3 g6 3. d4 Bg7 4. dxc5 Qa5+ 5. c3 Qxc5 6. Be3 Qc7 7. Nbd2 Nc6 8.
Be2 Nf6 9. O-O O-O 10. Nd4 d5 11. exd5 Nxd5 12. Nxc6 Nxe3 13. Nxe7+ Qxe7 14.
fxe3 Qxe3+ 15. Rf2 Rd8 16. Bc4 Bh6 17. Qf3 Qxf3 18. Nxf3 Be3 19. Re1 Bxf2+ 20.
Kxf2 Kf8 21. Ng5 Rd2+ 22. Re2 Rxe2+ 23. Kxe2 f6 24. Ne4 Ke7 0-1

[Event "HZ Chess Toernament 2013"]
[Site "?"]
[Date "2013.08.03"]
[Round "1"]
[White "Swapnil, S. Dhopade"]
[Black "Goorden, Johan"]
[Result "1-0"]
[WhiteElo "2489"]
[BlackElo "1882"]
[PlyCount "41"]
[EventDate "2013.??.??"]

1. d4 g6 2. c4 Bg7 3. Nc3 c5 4. d5 Bxc3+ 5. bxc3 f5 6. e4 fxe4 7. f3 e5 8. Qc2
Qa5 9. fxe4 Nf6 10. Bd3 d6 11. Nf3 Bg4 12. O-O Bxf3 13. Rxf3 Nbd7 14. Bg5 Rf8
15. Raf1 Nh5 16. Rxf8+ Nxf8 17. g3 Qc7 18. Qf2 Qg7 19. Bh6 Qxh6 20. Qf7+ Kd8
21. Qxf8+ 1-0

[Event "HZ Chess Toernament 2013"]
[Site "?"]
[Date "2013.08.03"]
[Round "1"]
[White "Smit, Manuel"]
[Black "Burg, Twan"]
[Result "0-1"]
[WhiteElo "1882"]
[BlackElo "2486"]
[PlyCount "80"]
[EventDate "2013.??.??"]

1. Nf3 d5 2. d4 Nf6 3. h3 c5 4. c3 Qc7 5. g3 e6 6. Bf4 Bd6 7. Bxd6 Qxd6 8. Bg2
O-O 9. O-O Nc6 10. Qd3 c4 11. Qc2 Ne4 12. Nbd2 f5 13. Rfe1 Bd7 14. Nf1 b5 15.
N3d2 Nf6 16. Rad1 g5 17. f3 e5 18. dxe5 Nxe5 19. Kh2 Nh5 20. Qc1 Rae8 21. Nb1
f4 22. g4 Nf6 23. Na3 Qb6 24. Rd4 Nc6 25. Rd2 Re5 26. Nc2 Rfe8 27. Nd4 Nxd4 28.
cxd4 R5e7 29. Qd1 b4 30. a3 a5 31. Kg1 Re3 32. Qa1 c3 33. bxc3 bxc3 34. Rc2
Qxd4 35. Nxe3 Qxe3+ 36. Kf1 d4 37. Qc1 Nd5 38. Ra2 Bb5 39. Qb1 Bc4 40. Rd1
Bxe2+ 0-1

[Event "HZ Chess Toernament 2013"]
[Site "?"]
[Date "2013.08.03"]
[Round "1"]
[White "Harika, Dronavalli"]
[Black "Westerweele, Maarten"]
[Result "1-0"]
[WhiteElo "2479"]
[BlackElo "1880"]
[PlyCount "33"]
[EventDate "2013.??.??"]

1. g3 g6 2. Bg2 Bg7 3. c4 Nf6 4. Nc3 c6 5. e4 d6 6. Nge2 Nbd7 7. d4 O-O 8. O-O
Qc7 9. h3 a6 10. Qc2 e5 11. Be3 Re8 12. Rad1 b6 13. dxe5 dxe5 14. Na4 Bb7 15.
c5 b5 16. Nb6 Rad8 17. a4 1-0

[Event "HZ Chess Toernament 2013"]
[Site "?"]
[Date "2013.08.03"]
[Round "1"]
[White "Baete, Guy"]
[Black "Henrichs, Thomas"]
[Result "0-1"]
[WhiteElo "1879"]
[BlackElo "2458"]
[PlyCount "52"]
[EventDate "2013.??.??"]

1. d4 Nf6 2. Nf3 g6 3. e3 Bg7 4. Be2 O-O 5. O-O d6 6. c4 a5 7. Nc3 c6 8. a4 Na6
9. h3 Bf5 10. Bd3 Bxd3 11. Qxd3 e5 12. dxe5 dxe5 13. Qxd8 Raxd8 14. e4 Nc5 15.
Bg5 h6 16. Bxf6 Bxf6 17. Rad1 Rd3 18. Rxd3 Nxd3 19. Rb1 Rd8 20. Kf1 Be7 21. Ne1
Nxe1 22. Rxe1 Rd4 23. Rd1 Rxc4 24. Rd7 Bb4 25. Rxb7 Bxc3 26. bxc3 Rxe4 0-1

[Event "HZ Chess Toernament 2013"]
[Site "?"]
[Date "2013.08.03"]
[Round "1"]
[White "Tan, Matthew"]
[Black "Densing, Gerd"]
[Result "1-0"]
[WhiteElo "2444"]
[BlackElo "1879"]
[PlyCount "57"]
[EventDate "2013.??.??"]

1. e4 c5 2. Nf3 a6 3. g3 Nc6 4. Bg2 e5 5. c3 d6 6. O-O Nf6 7. d4 Bg4 8. d5 Ne7
9. Nbd2 Ng6 10. a4 Be7 11. Re1 O-O 12. a5 b5 13. axb6 Qxb6 14. Nc4 Qc7 15. Na5
Rfb8 16. Nc6 Rb7 17. Qd3 Bd7 18. Rxa6 Rxa6 19. Qxa6 Bxc6 20. Qxc6 Qxc6 21. dxc6
Rc7 22. Nd2 Rxc6 23. Nc4 Ne8 24. Be3 Nf8 25. Ra1 Nc7 26. Ra7 Nfe6 27. f4 f6 28.
f5 Nd8 29. Na5 1-0

[Event "HZ Chess Toernament 2013"]
[Site "?"]
[Date "2013.08.03"]
[Round "1"]
[White "Halfhide, Sebastian"]
[Black "Kohlweyer, Bernd"]
[Result "0-1"]
[WhiteElo "1877"]
[BlackElo "2440"]
[PlyCount "74"]
[EventDate "2013.??.??"]

1. c4 g6 2. Nf3 Bg7 3. g3 c5 4. Bg2 Nc6 5. Nc3 d6 6. O-O Qd7 7. e3 Bxc3 8. dxc3
b6 9. Ne1 Bb7 10. e4 e6 11. Bf4 O-O-O 12. Nc2 h6 13. b4 g5 14. Be3 Ne5 15. Qe2
Qa4 16. Rfc1 Qa6 17. a4 Qxc4 18. Qxc4 Nxc4 19. a5 Ne7 20. f3 Nc6 21. axb6 axb6
22. Kf2 Kc7 23. Bf1 N6e5 24. Nd4 Ra8 25. bxc5 bxc5 26. Nb5+ Kd7 27. Na7 f5 28.
Rd1 Nxe3 29. Kxe3 fxe4 30. Bb5+ Ke7 31. fxe4 Ng4+ 32. Ke2 Bxe4 33. Ra6 Rhd8 34.
Bc6 Bxc6 35. Nxc6+ Kd7 36. Nxd8 Rxa6 37. Nb7 Kc7 0-1

[Event "HZ Chess Toernament 2013"]
[Site "?"]
[Date "2013.08.03"]
[Round "1"]
[White "Ducarmon, Quinten"]
[Black "Van Sonderen, Paul"]
[Result "1-0"]
[WhiteElo "2438"]
[BlackElo "1877"]
[PlyCount "67"]
[EventDate "2013.??.??"]

1. e4 e5 2. Nf3 Nc6 3. d4 exd4 4. Nxd4 d6 5. Nc3 Nf6 6. Bb5 Bd7 7. Bxc6 Bxc6 8.
O-O Bd7 9. Re1 Be7 10. Qf3 O-O 11. h3 c5 12. Nf5 Bxf5 13. Qxf5 g6 14. Qf3 Re8
15. Bf4 Bf8 16. Bg5 Bg7 17. Nd5 Re6 18. Rad1 h6 19. e5 hxg5 20. exf6 Bf8 21.
Rxe6 fxe6 22. Qe4 Kf7 23. Re1 Qd7 24. Nc7 Re8 25. Nxe8 Qxe8 26. Qxb7+ Kxf6 27.
Re3 Qe7 28. Rf3+ Kg7 29. Qxe7+ Bxe7 30. Ra3 d5 31. Rxa7 Kf6 32. a4 c4 33. a5
Bc5 34. Rc7 1-0

[Event "HZ Chess Toernament 2013"]
[Site "?"]
[Date "2013.08.03"]
[Round "1"]
[White "Van Gemert, Jean-Pierre"]
[Black "Kuipers, Stefan"]
[Result "0-1"]
[WhiteElo "1873"]
[BlackElo "2437"]
[PlyCount "68"]
[EventDate "2013.??.??"]

1. d4 d5 2. Nf3 Nf6 3. Bf4 c5 4. c3 Nc6 5. e3 Qb6 6. Qb3 c4 7. Qc2 Bf5 8. Qc1
e6 9. Nbd2 h6 10. Be2 Be7 11. O-O O-O 12. Ne5 Nxe5 13. dxe5 Nd7 14. Nf3 Nc5 15.
Nd4 Bh7 16. g4 Rac8 17. Bg3 Na4 18. f4 Qxb2 19. Qxb2 Nxb2 20. f5 Na4 21. Be1
Bg5 22. Rf3 exf5 23. gxf5 Rce8 24. h4 Bd8 25. e6 fxe6 26. fxe6 Bf6 27. Rd1 Be4
28. Rf4 Nc5 29. Nb5 Be5 30. Rxe4 Nxe4 31. Rxd5 Rxe6 32. Bxc4 Kh8 33. Bd3 Rg6+
34. Kh1 Rf3 0-1

[Event "HZ Chess Toernament 2013"]
[Site "?"]
[Date "2013.08.03"]
[Round "1"]
[White "Ris, Robert"]
[Black "Warnk, Torsten"]
[Result "1-0"]
[WhiteElo "2424"]
[BlackElo "1873"]
[PlyCount "93"]
[EventDate "2013.??.??"]

1. d4 d5 2. c4 c6 3. Nf3 Nf6 4. g3 g6 5. Bg2 Bg7 6. O-O O-O 7. cxd5 cxd5 8. Nc3
Nc6 9. Ne5 Ne4 10. Nxc6 bxc6 11. Nxe4 dxe4 12. Bxe4 Bxd4 13. Bh6 Bg7 14. Bxg7
Kxg7 15. Bxc6 Rb8 16. b3 Qb6 17. Qc2 Ba6 18. Bf3 Rbc8 19. Qb2+ Qf6 20. Qxf6+
Kxf6 21. Rfc1 Rfd8 22. a4 Rd2 23. Rxc8 Bxc8 24. b4 Rb2 25. b5 Be6 26. e3 Rb4
27. Be2 Ke5 28. Kg2 Kd6 29. h4 Kc5 30. a5 Bd5+ 31. Kf1 Rb2 32. Rc1+ Kb4 33. e4
Be6 34. a6 Ka5 35. Rc7 Bh3+ 36. Ke1 Rb1+ 37. Kd2 Rb2+ 38. Kd1 Be6 39. Rxa7 Bb3+
40. Ke1 Rb1+ 41. Kd2 Rb2+ 42. Ke3 e5 43. Rb7 Ra2 44. a7 Kb4 45. b6 Ra3 46. Bd3
Bc4 47. Rd7 1-0

[Event "HZ Chess Toernament 2013"]
[Site "?"]
[Date "2013.08.03"]
[Round "1"]
[White "De Pooter, Ronald"]
[Black "Van Delft, Merijn"]
[Result "0-1"]
[WhiteElo "1872"]
[BlackElo "2415"]
[PlyCount "50"]
[EventDate "2013.??.??"]

1. d4 Nf6 2. Nf3 g6 3. c4 Bg7 4. Nc3 O-O 5. g3 d6 6. Bg2 Nc6 7. O-O a6 8. Bg5
Rb8 9. e4 Bg4 10. h3 Bxf3 11. Bxf3 Nd7 12. Be3 e5 13. d5 Nd4 14. Bg2 c5 15. Qd2
b5 16. cxb5 axb5 17. b3 Qa5 18. Rfe1 f5 19. exf5 gxf5 20. Bxd4 cxd4 21. Ne4
Qxd2 22. Nxd2 e4 23. g4 e3 24. Nf3 fxg4 25. hxg4 Ne5 0-1

[Event "HZ Chess Toernament 2013"]
[Site "?"]
[Date "2013.08.03"]
[Round "1"]
[White "Bosboom, Manuel"]
[Black "Van Hille, Reinout"]
[Result "1-0"]
[WhiteElo "2396"]
[BlackElo "1872"]
[PlyCount "49"]
[EventDate "2013.??.??"]

1. b4 e5 2. Bb2 Bxb4 3. f4 exf4 4. Bxg7 Qh4+ 5. g3 fxg3 6. Bg2 gxh2+ 7. Kf1
hxg1=Q+ 8. Kxg1 Qg5 9. Bxh8 Nf6 10. Bxf6 Qxf6 11. c3 Nc6 12. d4 Bd6 13. Qd3 Bf4
14. Nd2 d5 15. e4 Ne7 16. Rxh7 Bd7 17. e5 Qg5 18. Rh8+ Ng8 19. Nf3 Qg4 20. Rf1
O-O-O 21. Nh2 Qg5 22. Qf3 Be3+ 23. Kh1 Bb5 24. Bh3+ Kb8 25. Re1 1-0

[Event "HZ Chess Toernament 2013"]
[Site "?"]
[Date "2013.08.03"]
[Round "1"]
[White "Mostertman, Johan"]
[Black "Leenhouts, Koen"]
[Result "0-1"]
[WhiteElo "1870"]
[BlackElo "2379"]
[PlyCount "70"]
[EventDate "2013.??.??"]

1. e4 e5 2. Nf3 Nc6 3. Bb5 g6 4. c3 Nge7 5. Qe2 Bg7 6. d3 O-O 7. Bg5 h6 8. Bh4
d6 9. Nbd2 a6 10. Ba4 Bd7 11. Bc2 Kh8 12. O-O-O b5 13. Ne1 b4 14. c4 Nd4 15.
Qf1 a5 16. Bb1 f5 17. f3 a4 18. Nc2 c5 19. Nxd4 cxd4 20. Qe2 Bf6 21. Bf2 Qc7
22. exf5 gxf5 23. g4 fxg4 24. Rdg1 Bg5 25. h4 gxf3 26. Qe1 Bf4 27. Kd1 Nf5 28.
Nxf3 Bc6 29. Rh3 Be3 30. Bxe3 Nxe3+ 31. Ke2 Rxf3 32. Rxf3 Bxf3+ 33. Kxf3 Rf8+
34. Ke2 Qf7 35. Qg3 Qh5+ 0-1

[Event "HZ Chess Toernament 2013"]
[Site "?"]
[Date "2013.08.03"]
[Round "1"]
[White "Berkovich, Mark A"]
[Black "De Graaf, Dig"]
[Result "1-0"]
[WhiteElo "2375"]
[BlackElo "1869"]
[PlyCount "51"]
[EventDate "2013.??.??"]

1. Nf3 Nf6 2. g3 g6 3. Bg2 Bg7 4. O-O O-O 5. d4 d6 6. b3 c6 7. Bb2 Nbd7 8. Nbd2
Qc7 9. e4 e5 10. Re1 exd4 11. Nxd4 Re8 12. h3 a6 13. a4 Nh5 14. Nc4 Ne5 15. Ne3
Nf6 16. f4 Ned7 17. Nc4 c5 18. Nf3 Nxe4 19. Bxg7 Kxg7 20. Ng5 d5 21. Qxd5 Ndf6
22. Qd3 Nxg5 23. fxg5 Rxe1+ 24. Rxe1 Nh5 25. Qc3+ f6 26. g4 1-0

[Event "HZ Chess Toernament 2013"]
[Site "?"]
[Date "2013.08.03"]
[Round "1"]
[White "Suurmond, Rik"]
[Black "L'Ami, Alina"]
[Result "0-1"]
[WhiteElo "1867"]
[BlackElo "2358"]
[PlyCount "49"]
[EventDate "2013.??.??"]

1. c4 Nf6 2. Nc3 g6 3. g3 Bg7 4. Bg2 O-O 5. Nf3 d6 6. d3 c6 7. O-O a6 8. Bg5 h6
9. Bd2 b5 10. Qc1 bxc4 11. dxc4 Kh7 12. Be3 Ng4 13. Na4 Nxe3 14. Qxe3 Be6 15.
Nd4 Bxc4 16. Nxc6 Nxc6 17. Bxc6 Rb8 18. Qd2 d5 19. Nc3 Qb6 20. Bxd5 Bxc3 21.
bxc3 Rfd8 22. e4 Bxf1 23. Qf4 Bh3 24. Qxf7+ Kh8 25. Qxe7 0-1

[Event "HZ Chess Toernament 2013"]
[Site "?"]
[Date "2013.08.03"]
[Round "1"]
[White "Akshat, Khamparia"]
[Black "Dijkhuis, Sven"]
[Result "1-0"]
[WhiteElo "2354"]
[BlackElo "1863"]
[PlyCount "77"]
[EventDate "2013.??.??"]

1. d4 Nf6 2. Bg5 Ne4 3. Bf4 d5 4. e3 e6 5. Bd3 Nf6 6. Nf3 c5 7. c4 Nc6 8. O-O
Bd6 9. dxc5 Bxc5 10. Nc3 O-O 11. a3 Re8 12. b4 Bf8 13. cxd5 Nxd5 14. Nxd5 exd5
15. Qc2 g6 16. b5 Ne7 17. Bc7 Qd7 18. Nd4 Bg7 19. Rac1 Nf5 20. Nxf5 gxf5 21.
Qb3 d4 22. Bf4 dxe3 23. Bxe3 Qd6 24. Rfd1 Qe5 25. Rc5 Qf6 26. Qb1 Rd8 27. Re1
Bf8 28. Bxf5 Bxc5 29. Bxh7+ Kh8 30. Bxc5 Be6 31. Be4 Qc3 32. Bb4 Qg7 33. Qc1
Rac8 34. Qf4 Rd4 35. Qf3 Rd7 36. h3 Kg8 37. Bxb7 Rcd8 38. Bc3 Qh6 39. Be4 1-0

[Event "HZ Chess Toernament 2013"]
[Site "?"]
[Date "2013.08.03"]
[Round "1"]
[White "Jenisch, Achim"]
[Black "Rijnaarts, Sjef"]
[Result "0-1"]
[WhiteElo "1859"]
[BlackElo "2354"]
[PlyCount "88"]
[EventDate "2013.??.??"]

1. e4 c5 2. Nf3 d6 3. Bb5+ Nd7 4. O-O Ngf6 5. e5 dxe5 6. Nxe5 e6 7. Nc3 Be7 8.
d4 a6 9. Nxd7 Nxd7 10. Be2 cxd4 11. Qxd4 O-O 12. Be3 Qc7 13. Ne4 Rd8 14. Qc3
Qxc3 15. Nxc3 Bf6 16. Rab1 Be5 17. Rfd1 f5 18. Na4 Bc7 19. Bf3 Re8 20. Bxb7
Bxb7 21. Rxd7 Rac8 22. b3 Bc6 23. Rd2 Ba5 24. Rd4 e5 25. Rc4 Be4 26. Bc5 Bd5
27. Rh4 Be4 28. Rc1 Bd2 29. Rd1 Bf4 30. c4 Red8 31. Bd6 Bc2 32. Rd5 Kf7 33. g3
Bg5 34. Rxh7 Kg6 35. Rh3 Be4 36. Rd1 Bf3 37. Rd3 e4 38. Rd4 e3 39. Nc3 Bg4 40.
Kg2 Bf6 41. Rd3 Bxh3+ 42. Kxh3 exf2 43. Kg2 Bxc3 44. Kxf2 Bb4 0-1

[Event "HZ Chess Toernament 2013"]
[Site "?"]
[Date "2013.08.03"]
[Round "1"]
[White "De Jong, Migchiel"]
[Black "Schoor, Carl"]
[Result "1-0"]
[WhiteElo "2345"]
[BlackElo "1858"]
[PlyCount "53"]
[EventDate "2013.??.??"]

1. e4 e5 2. Nf3 Nc6 3. Bb5 a6 4. Ba4 Nf6 5. O-O b5 6. Bb3 Be7 7. d4 exd4 8. e5
Ne4 9. Bd5 Nc5 10. Nxd4 Bb7 11. Nf5 O-O 12. Re1 Ne6 13. Nc3 g6 14. Nxe7+ Qxe7
15. Bh6 Ng7 16. Ne4 Qxe5 17. Nc5 Qxb2 18. Nxb7 Qf6 19. Nc5 Rad8 20. Ne4 Qf5 21.
g4 Qe5 22. Bg5 Qd4 23. Bxc6 dxc6 24. Bxd8 Rxd8 25. Qxd4 Rxd4 26. Nf6+ Kf8 27.
Nxh7+ 1-0

[Event "HZ Chess Toernament 2013"]
[Site "?"]
[Date "2013.08.03"]
[Round "1"]
[White "Coppoolse, Willem"]
[Black "Freeke, Matthieu"]
[Result "0-1"]
[WhiteElo "1857"]
[BlackElo "2332"]
[PlyCount "110"]
[EventDate "2013.??.??"]

1. d4 Nf6 2. c4 e6 3. Nf3 d5 4. Nc3 Be7 5. Bg5 O-O 6. e3 h6 7. Bh4 b6 8. Be2
Bb7 9. O-O Nbd7 10. Rc1 dxc4 11. Bxc4 c5 12. dxc5 Nxc5 13. Qe2 a6 14. Rfd1 Qe8
15. a3 b5 16. Ba2 Rc8 17. b4 Ncd7 18. e4 Ng4 19. Bxe7 Qxe7 20. Nb1 Nb6 21. Bb3
Nf6 22. Nbd2 Rfd8 23. e5 Nfd5 24. Ne4 Nf4 25. Qe3 Rxc1 26. Rxc1 Rd3 27. Qxf4
Rxb3 28. Nd6 Bxf3 29. gxf3 Rxf3 30. Qxf3 Qg5+ 31. Kh1 Qxc1+ 32. Kg2 Qc7 33. h4
Nd5 34. Qg3 Qc6 35. Qf3 f5 36. Kg3 g6 37. Kh2 Qc1 38. Qg3 g5 39. hxg5 hxg5 40.
Qh3 Qf4+ 41. Qg3 Qxg3+ 42. Kxg3 Nc3 43. Ne8 Nb1 44. Nc7 Kf7 45. Nxa6 Nxa3 46.
Kf3 Nc2 47. Nc7 Nxb4 48. Nxb5 Nc6 49. Nd6+ Kg6 50. Nc4 Kh5 51. Kg3 Nd4 52. Nd6
f4+ 53. Kh3 g4+ 54. Kg2 Kg6 55. Ne4 Nf3 0-1

[Event "HZ Chess Toernament 2013"]
[Site "?"]
[Date "2013.08.03"]
[Round "1"]
[White "Beukema, Stefan"]
[Black "Ratsma, Rosa"]
[Result "1-0"]
[WhiteElo "2321"]
[BlackElo "1857"]
[PlyCount "57"]
[EventDate "2013.??.??"]

1. e4 c5 2. Nf3 d6 3. d4 cxd4 4. Nxd4 Nf6 5. Nc3 a6 6. Be3 e5 7. Nb3 Be6 8. f4
exf4 9. Bxf4 Nc6 10. Qe2 Be7 11. h3 O-O 12. O-O-O Rc8 13. Kb1 Qc7 14. g4 Ne5
15. Nd4 Bc4 16. Qf2 g6 17. Bxc4 Nxc4 18. Bc1 Qb6 19. Ka1 Qa5 20. g5 Nd7 21. Nd5
Bd8 22. b3 Na3 23. c4 Nxc4 24. bxc4 Rxc4 25. Nb3 Qb5 26. Bb2 Rxe4 27. Nc3 Qb4
28. Nxe4 Qxe4 29. Rhe1 1-0

[Event "HZ Chess Toernament 2013"]
[Site "?"]
[Date "2013.08.03"]
[Round "1"]
[White "Verbeek, Martijn"]
[Black "Afek, Yochanan"]
[Result "0-1"]
[WhiteElo "1853"]
[BlackElo "2315"]
[PlyCount "34"]
[EventDate "2013.??.??"]

1. d4 Nf6 2. c4 c5 3. d5 e6 4. Nc3 exd5 5. cxd5 d6 6. g3 g6 7. Bg2 Bg7 8. e4
O-O 9. Nge2 Re8 10. O-O b5 11. Qc2 b4 12. Nd1 Ba6 13. Re1 Nbd7 14. a3 b3 15.
Qxb3 Nxe4 16. Qa4 Bd3 17. Nf4 Nc3 0-1

[Event "HZ Chess Toernament 2013"]
[Site "?"]
[Date "2013.08.03"]
[Round "1"]
[White "Timmermans, Mark"]
[Black "Duinmaijer, Martin"]
[Result "1-0"]
[WhiteElo "2287"]
[BlackElo "1846"]
[PlyCount "71"]
[EventDate "2013.??.??"]

1. b4 d5 2. Bb2 Qd6 3. a3 Bf5 4. Nf3 Nd7 5. d4 Ngf6 6. e3 c6 7. c4 dxc4 8. Bxc4
b5 9. Be2 e6 10. O-O Be7 11. Nh4 Bg6 12. Nd2 a5 13. bxa5 Rxa5 14. Nxg6 hxg6 15.
g3 Nd5 16. Qc2 f5 17. Rfc1 Kf7 18. Qxc6 Qxc6 19. Rxc6 Rha8 20. Nb3 Bxa3 21.
Nxa5 Bxb2 22. Rb1 Bxd4 23. exd4 Rxa5 24. Bxb5 N7f6 25. Bc4 Ra7 26. Re1 Re7 27.
f3 g5 28. h3 f4 29. Re5 fxg3 30. Rxg5 Rc7 31. Bxd5 Nxd5 32. Rxc7+ Nxc7 33. Kg2
Nd5 34. Rxd5 exd5 35. Kxg3 Kf6 36. Kf4 1-0